000
00217nam a22000857a 4500
008
161103b xxu||||| |||| 00| 0 eng d
100
_9
1027
_a
Sally v. k etal
245
_a
Science class (vii)
260
_a
New Delhi
_b
GPB
_c
2011
999
_c
3685
_d
3685